Estructuras de datos y algoritmos

Sábháilte in:
Sonraí bibleagrafaíochta
Príomhchruthaitheoirí: Aho, Alfred V (Údar), Hopcroft, John E (Údar), Ullman, Jeffrey D (Údar)
Formáid: LEABHAR
Teanga:Spáinnis
Foilsithe / Cruthaithe: Ciudad de México Addison-Wesley Iberoamericana 1988
Ábhair:
Clibeanna: Cuir clib leis
Níl clibeanna ann, Bí ar an gcéad duine le clib a chur leis an taifead seo!

MARC

LEADER 00000cam a2200000 a 4500
001 UCV5576
003 CL-VaPUC
008 920109e19880000MX |||||||||||||||||spa|d
020 |a 0201640244 
082 0 4 |a 005.1  |b AHO  |2 21 
100 0 |a Aho, Alfred V  |e author  |9 299877 
700 |a Hopcroft, John E  |e author  |9 532071 
700 0 |a Ullman, Jeffrey D  |e author  |9 299879 
245 1 0 |a Estructuras de datos y algoritmos 
300 |a 438 p 
942 |c BK 
945 |d 19920109 00:00:00  |a mfernand 
260 |a Ciudad de México  |b Addison-Wesley Iberoamericana  |c 1988 
650 0 |a Estructuras de datos (Informática)  |9 260607 
650 0 |a Ciencia de la computación  |9 260608 
650 0 |a Algoritmos   |9 260639 
583 |a last modification  |c 20150417 17:44:58  |k Rodrigo Vera 
999 |c 212042  |d 212040 
952 |0 0  |1 2  |4 0  |6 005_100000000000000_AHO_1988  |7 0  |8 P  |9 192383  |a BIBING  |b BIBING  |d 2019-11-14  |i 4383818  |o 005.1 AHO 1988  |p 4383818  |r 2019-11-14  |w 2019-11-14  |y BK  |k CCI 
952 |0 0  |1 2  |4 0  |6 005_100000000000000_AHO_1988  |7 0  |8 P  |9 192384  |a BIBING  |b BIBING  |d 2019-11-14  |i 4383826  |o 005.1 AHO 1988  |p 4383826  |r 2019-11-14  |w 2019-11-14  |y BK  |k CCI 
952 |0 0  |1 2  |4 0  |6 005_100000000000000_AHO_1988  |7 0  |8 P  |9 192388  |a BIBING  |b BIBING  |d 2019-11-14  |i 4944755  |o 005.1 AHO 1988  |p 4944755  |r 2019-11-14  |w 2019-11-14  |y BK  |k ING